000 00881nam a2200265Ia 4500
003 OSt
005 20220926020317.0
006 a|||||r|||| 00| 0
007 ta
008 220923b |||||||| |||| 00| 0 eng d
020 _a9780415521970
_c2689.8600000000001
037 _bBBS/27, 16/08/2013, Better Book Service
_cGeneral Book
040 _aRTL
_cRTL
_beng
041 _2eng
_aeng
082 _aY9(X991), Q2
100 _aFERGUSON Yale H
_930247
245 0 _aGlobalization
_b The return of borders to a borderless world?
260 _aNew York
_bRoutledge
_c2012
300 _axi, 316p
_ccm.
500 _aBibliography: Chpterwise
650 _aGeography
700 _a MANSBACH Richard W
_930248
942 _hY9(X991), Q2
_cGB
_2CC
999 _c633959
_d633959